Η επίδραση του χρώματος στη θερμοκρασιακή συμπεριφορά πλακών πεζοδρομίου : [μεταπτυχιακή διατριβή]

Αποθηκεύτηκε σε:
Λεπτομέρειες βιβλιογραφικής εγγραφής
Κύριος συγγραφέας: Κουζινόγλου, Χρυσούλα
Συγγραφή απο Οργανισμό/Αρχή: Πανεπιστήμιο Αιγαίου Σχολή Περιβάλλοντος Τμήμα Περιβάλλοντος Θεοφράστειο Πρόγραμμα Μεταπτυχιακών Σπουδών Περιβαλλοντική και Οικολογική Μηχανική
Άλλοι συγγραφείς: Χαραλαμπόπουλος, Δίας (Εισηγητής διατριβής)
Μορφή: Thesis Βιβλίο
Γλώσσα:Greek
Δημοσίευση: 2011
Θέματα:
Ετικέτες: Προσθήκη ετικέτας
Δεν υπάρχουν, Καταχωρήστε ετικέτα πρώτοι!

MARC

LEADER 00000cam a2200000 i 4500
001 1/35683
008 130827s2011 gre d
035 |l 10115501 
040 |a GR-MY-UA  |b gre  |e aacr 
041 0 |a gre 
082 0 |a 625.8  |2 (22) 
100 1 |a Κουζινόγλου, Χρυσούλα. 
245 1 2 |a Η επίδραση του χρώματος στη θερμοκρασιακή συμπεριφορά πλακών πεζοδρομίου :  |b [μεταπτυχιακή διατριβή] /  |c Κουζινόγλου Χρυσούλα ; επιβλέπων καθηγητής: Χαραλαμπόπουλος Δίας 
260 |c 2011 
300 |a 77 σ.;  |b εικ., πίν.;  |c 30 εκ. 
502 # # |a Διατριβή (μεταπτυχιακή) – Πανεπιστήμιο Αιγαίου, Λέσβος, 2011. 
504 |a Βιβλιογραφία: σ. 71-77 
650 0 0 |a Sidewalks  |x Materials. 
650 0 0 |a Pavements  |x Materials. 
650 0 0 |a Pavements  |x Design and construction. 
650 0 0 |a Dissertations, Academic  |z Greece. 
700 1 |a Χαραλαμπόπουλος, Δίας.  |4 ths 
710 2 |a Πανεπιστήμιο Αιγαίου  |b Σχολή Περιβάλλοντος  |b Τμήμα Περιβάλλοντος  |b Θεοφράστειο Πρόγραμμα Μεταπτυχιακών Σπουδών Περιβαλλοντική και Οικολογική Μηχανική. 
852 |a INST  |b LESVOS  |c DIATR  |e 20130827  |h 235  |p 005100052918  |q 005100052918  |t MTXE  |y 23 
852 |a INST  |b LESVOS  |c DIATR  |e 20130827  |h 236  |p 005100052919  |q 005100052919  |t MTXE  |y 23 
901 |a BIBL1-2013-2 
909 |a Λ  |b 182117 
909 |a Λ  |b 182118 
924 |a ΚΟΥΖΙΝΟΓΛΟΥ  |b ΧΡΥΣΟΥΛΑ  |y ΛΕΣΒΟΣ  |z 2012-12 
970 |a ΤΖΑΦΕΡΗ  |b ΕΥΑΓΓΕΛΙΑ  |z 2013/09/03